000 00803nam a22002175a 4500
005 20090627115656.0
008 090114s2009 wau 000 0 eng
010 _aENG-94259
020 _a9788120336513
_c495.00
035 _aEN-77792
037 _bDBAD / PUB
040 _adpl
_bEnglish
082 _a658.4038011
100 _aKelkar, S.A.
245 _aInformation systems:
_cby S.A. Kelkar
_ba concise study /
260 _aNew Delhi
_bPHI Learning
_c2009
270 _aM-97 Connaught Circus
_bNew Delhi
_e110001
300 _axi, 934p.
_c25cm(pbk)
942 _2ddc
_cEN
_mKEL
_h658.4038011
999 _c27929
_d27929